00309nam a2200109Ia 4500008004100000020001500041100002200056245004700078250001100125260004600136300001700182180219s9999 xx 000 0 und d a9814058769 aMarieb, Elaine N. aEssentials of human anatomy & physiology / a6th ed aSingapore :bPearson education asiac2002 av, 558 pages